| 000 | 00537nam a2200181Ia 4500 | ||
|---|---|---|---|
| 008 | 151018s9999 xx 000 0 und d | ||
| 082 |
_bRBASDV6710 _a891.462 |
||
| 100 | _aमधुसूदन कालेलकर | ||
| 245 | _aआसावरी | ||
| 250 | _b1 | ||
| 260 |
_bदि.कृ.पै _c1968 |
||
| 300 | _a98 | ||
| 600 | _aमधुसूदन कालेलकर | ||
| 630 | _aआसावरी | ||
| 700 | _aमधुसूदन कालेलकर | ||
| 730 | _aआसावरी | ||
| 942 | _cBOOK | ||
| 999 |
_c1009083 _d1009080 |
||